000 00296nam a2200133 i 4500
001 bg
245 0 _aEnergetyka jądrowa a środowisko.
260 _aWarszawa,
_c1975.
040 _cBPK
041 _apol
080 _a621.039:614.8
942 _cKS
008 s pl f |000 0 pol
999 _c16744
_d16744
856 _uhttp://koha.tu.koszalin.pl/cgi-bin/koha/opac-detail.pl?biblionumber=16744
_yKatalog online BPK